Statistics for Click the Connor Price Song Title Ending

Click here to take the quiz!

General Stats

  • This quiz has been taken 54 times
  • The average score is 18 of 29

Answer Stats

HintAnswer% Correct
StartAgain
89%
It's GoingDown
89%
Don't TellMe
89%
FalseAlarm
84%
Not ABeanie
84%
TheseDays
84%
I GaveEverything
79%
Talk AboutUs
79%
LetGo
74%
When You'reGone
74%
Jude'sSong
74%
ChuckTaylor
74%
All Of TheAbove
68%
GlobeCypher
68%
Didn'tAsk
63%
CityLights
63%
BlueShell
63%
NewPhone
58%
YouSaid
58%
RareCandy
53%
StarterPistol
53%
TypicalRapper
53%
ImposterSyndrome
47%
DoubleCheck
42%
Eastern Ave NightDrive
42%
BigPockets
42%
LoveLanguage
37%
MidsummerFreestyle
32%
NoVisits
26%

Score Distribution

Percentile by Number Answered

Percent of People with Each Score

Your Score History

You have not taken this quiz